| 000 | 00638nam a22001817a 4500 | ||
|---|---|---|---|
| 999 |
_c168058 _d168058 |
||
| 005 | 20210818161254.0 | ||
| 010 | _aENG-126551 | ||
| 020 |
_c529.00 _a9789352868339 |
||
| 035 | _aEN-110083 | ||
| 037 | _bDBAD/PUB | ||
| 082 | _a657 | ||
| 100 | _aDhamija, Sanjay | ||
| 245 |
_aFinancial Accounting For Managers / _cBy Sanjay Dhamija |
||
| 260 |
_aNoida _bPearson India education services pvt. ltd _c2018 |
||
| 270 |
_bU.P _a15th floor,tower-b,world trade tower ,plot no. 1,bllock -c,sector 16 Noida _e201301 _mcompanysecretary.india@pearson.com _k04466540100 |
||
| 300 |
_a489p. _c25cm,(pbk) |
||
| 942 |
_2ddc _cEN _h657 _mDHA |
||